UEFA football teams A-Z - Statistics

General Stats
  • This quiz has been taken 94 times
  • The average score is 16 of 25
Answer Stats
Clue Team % Correct
L The club's anthem is "You'll Never Walk Alone" and has won more European Cups than any other English club. Liverpool FC
87%
N Diego Armando Maradona (the new name of the stadium) helped the team win several trophies. SSC Napoli
85%
A Based in Brussels, they play in purple and white outfits. RSC Anderlecht
84%
I They contest the Derby della Madonnina and the Derby d'Italia. Nicknamed I Nerazzurri. FC Internazionale Milano
81%
J Founded in 1897 by a group of Torinese students. Nicknamed Vecchia Signora. Juventus FC
81%
S They play the Prague derby and reached the semi-finals of the 1995–96 UEFA Cup. SK Slavia Prague
73%
M Though based in other country, the club plays in the French football league system and were runners-up in the UCL in 2004. AS Monaco FC
72%
T The club´s emblem is a cockerel standing upon a football, their former home was White Hart Lane. Tottenham Hotspur FC
72%
C Founded in 1887 with the purpose of alleviating poverty in the immigrant Irish population. They are one of only five clubs in the world to have won over 100 trophies in their history. Celtic FC
71%
F Is the football department of a turkish professional sports club based in Istanbul. The club's name translates as "Lighthouse in the Garden". Fenerbahçe SK
71%
P Founded in 1970, it´s now owned by the Emir of Qatar which made the club one of the richest club in the world. Paris Saint-Germain F.C.
69%
R The club has traditionally worn a white home kit since inception and was recognised as the FIFA Club of the 20th Century. Real Madrid FC
69%
B Nicknamed As Águias (The Eagles), for the symbol atop the club's crest,their home ground is the Estádio da Luz. SL Benfica
67%
D Their home is the Olimpiyskiy National Sports Complex and its most successful periods are associated with Valeriy Lobanovskyi. FC Dynamo Kyiv
60%
G It´s the only club in the Nordic countries that has won one of the main UEFA competitions. It´s full name begins with Idrottsföreningen Kamraterna (IFK). IFK Göteborg
60%
Y Founded in 1898 and based in Bern, the club's colours are yellow of a golden shade and black. BSC Young Boys
57%
H It´s crest consists of the Croatian checkerboard. The club's golden era came in the 1970s,when they won four Yugoslav Leagues. HNK Hajduk Split
56%
U Formed in 1970, is the only club outside the Big Three which has never suffered relegation from the top-flight Eredivisie. FC Utrecht
55%
Z The club plays in the Krestovsky Stadium and it´s owned and sponsored by the Russian state-owned energy giant Gazprom. FC Zenit Saint Petersburg
55%
V Based in a city int the Mediterranean sea. Have a bat in its emblem, they reached two UCL finals in a row losing both. Valencia CF
53%
Q The club originates from Agdam, but due to the First Nagorno-Karabakh War is now based in Baku. It´s the first team in its country to advance to the group stage of the higher UCL. Qarabağ FK
52%
K The club's nickname Die Geißböcke (The Billy Goats) refers to the club's mascot, a male goat. It´s part of a larger sports club with teams in other sports like handball, table tennis and gymnastics. FC Köln
45%
E Based in the state of Hesse. The club crest has a reference to the one-headed imperial eagle of the 13th century, so the team is nicknamed "Die Adler" ("The Eagles"). Eintracht Frankfurt
41%
W The club play in the Ekstraklasa,and it´s club's coat of arms is a white star on a red background crossed by a blue ribbon. The greatest rival is Legia. Wisła Kraków
20%
O Based in Piraeus, Attica, their name and the club´s emblem was inspired from the ancient Olympic Games. Olympiacos FC
16%
No matching quizzes found
Score Distribution
Percent of People with Each Score
Percentile by Number Answered
Your Score History
You have not taken this quiz